Sweden Quiz - Hard - Statistics

General Stats
  • This quiz has been taken 205 times
  • The average score is 9 of 15
Answer Stats
Hint Answer % Correct
The most famous footballer from Zweden Zlatan Ibrahimović
93%
Largest city north of Stockholm Uppsala
92%
Largest lake Vänern
77%
Largest 'landskap' Lappland
73%
The three lands of the country Norrland
71%
Largest party (as of gallop polls from April 2018) Socialdemokraterna
71%
The three lands of the country Svealand
70%
The three lands of the country Götaland
67%
World's largest spherical building, situated in Stockholm The Ericsson Globe / Globen
67%
Famous Swedish director Ingmar Bergman
64%
Stockholm shortening Sthlm
61%
Country that owes the most amount of money to Sweden North Korea
42%
This european country outside of the Nordics has a swedish speaking village Ukraine
36%
French island owned by Sweden from 1784 until 1878 Saint-Barthélemy
23%
South American football club who chose the swedish colors beause of a boat with the Swedish flag on it BOCA Juniors
19%
No matching quizzes found
Score Distribution
Percent of People with Each Score
Percentile by Number Answered
Your Score History
You have not taken this quiz